| 000 | 00609cam a22001577a 4500 | ||
|---|---|---|---|
| 008 | 180718b2008 xxu||||| |||| 00| 0 eng d | ||
| 082 | _aAPPPA 2007-08/AGG | ||
| 100 | _aAggarwal, Vinita | ||
| 245 |
_aChanges in access to and availability of skills in the manufacturing sector in India in the post reform period _cby Vinita Aggarwal |
||
| 260 |
_aNew Delhi _bIndian Institute of Public Administation _c2008 |
||
| 300 | _a115p. | ||
| 500 | _aAn APPPA M.Phil dissertation, 2007-08 (Guide: S.K. Bhattacharya) | ||
| 650 | _aManufactures - india | ||
| 650 | _aSkilled labour - India | ||
| 650 | _aIndustry - India | ||
| 999 |
_c493626 _d493626 |
||